| 000 | 00454nam a22001697a 4500 | ||
|---|---|---|---|
| 999 |
_c12222 _d12222 |
||
| 008 | 220721b ||||| |||| 00| 0 eng d | ||
| 020 | _a9788182747074 | ||
| 082 |
_a609.54 _bABD |
||
| 100 | _a Abdul Kalam, A. P. J. | ||
| 245 | _aThoughts for change : we can do it | ||
| 260 |
_aNew Delhi _bPentagon Press _c2017 |
||
| 300 | _axxv, 289p. | ||
| 650 | _aScience--Social aspects | ||
| 650 | _aTechnological innovations | ||
| 650 | _aIndia | ||
| 942 | _cBK | ||